000 02774cam a22006494i 4500
003 PE-LiUPU
005 20250731180051.0
008 150720s2004 sp a r 001 0 spa d
020 _a9788478290697
035 _a(Sirsi) i9788478290697
040 _aSpMaBN
_bspa
_cSpMaBN
_bPE-LiUPU
_erda
041 1 _aspa
_heng
049 _aPRUA
082 0 4 _a515.63
_bM26
_223
100 1 _aMarsden, Jerrold E.,
_eautor.
245 1 0 _aCálculo vectorial /
_cJerrold E. Marsden, Anthony J. Tromba ; traducción, Patricio Cifuentes Muñiz [y otros tres] ; revisión técnica, Eugenio Hernández Rodríguez.
250 _a5ª edición.
264 1 _aMadrid :
_bPearson Addison Wesley,
_c2004.
300 _axxv, 666 páginas :
_bilustraciones ;
_c25 centímetros
336 _atext
_2rdacontent
337 _aunmediated
_2rdamedia
338 _avolume
_2rdacarrier
500 _aIncluye índice.
505 0 _aLa geometría del espacio euclídeo -- Diferenciación -- Derivadas de orden superior: máximos y mínimos -- Funciones con valores vectoriales -- Integrales dobles y triples -- La fórmula del cambio de variables y aplicaciones de la integración.
526 _aSEG44
526 _aSEG26
526 _aP159
526 _aP155
526 _aP154
526 _aP153
526 _aP150
526 _aP100
526 _aP31
526 _aP30
526 _aP26
526 _aP25
526 _aP24
526 _aP22
526 _aP15
526 _aP10
534 _pTitulo original :
_tVector calculus.
650 7 _aAnálisis vectorial.
_2embne
650 1 4 _aAnálisis vectorial
_xProblemas, ejercicios, etc.
700 1 _aCifuentes Muñiz, Patricio,
_etraductor.
700 1 _aHernández Rodríguez, Eugenio,
_erevisor.
700 1 _aTromba, Anthony J.,
_eautor.
910 _cng
_d14200624
942 _2ddc
_cBOOK
949 _a515.63 M26
_wDEWEY
_c1
_i70084
_d2015-9-17
_e2015-9-16
_lCCODEBUL1
_mBUL
_n2
_p44.00
_r0
_sY
_tBOOK
_u2015-7-20
_xINGENIERIA
_PP24
_0COMPRA
_o.STAFF. Colección General
949 _a514.742 M26 2004
_wDEWEY
_c1
_iFJ05646
_lCCODEBUJ1
_mBUJ
_p20.00
_r0
_sY
_tBOOK
_u2016-09-08
_xINGENIERIA
_zCIVILL
_o.STAFF -- Colección General Juliaca
994 _aC0
_bPEPRU
596 _a1 3
999 _a515.63 M26
_wDEWEY
_c6316
_i70084
_d6316
_e2018-10-22
_f2021-11-9
_g7
_lCCODEBUL1
_mBUL
_n4
_p44.00
_q2
_r0
_sY
_tBOOK
_u2015-7-20
_xINGENIERIA
_PP24
_0COMPRA
_o.STAFF. Colección General
999 _a514.742 M26 2004
_wDEWEY
_c1
_iFJ05646
_d2022-5-4
_e2022-5-1
_f2022-1-19
_g4
_lCCODEBUJ1
_mBUJ
_n10
_p20.00
_q13
_r0
_sY
_tBOOK
_u2017-1-19
_xINGENIERIA
_PP25
_0COMPRA
_o.STAFF. Colección General Juliaca
980 _81
_gALBERTO SANCHEZ Responsable de Automatización